000
00188 a2200097 4500
001
56735
100
_a
245
_a
Looking a book
260
_a
Boston
_b
Mwveay
_c
090
_c
34866
_d
34866
942
_a
NUST-CAE
_c
_c
27631
999
_c
291808
_d
291808